000 00236nmm a2200085Ia 4500
008 220120s9999||||xx |||||||||||||||||und||
100 _aChip
245 0 _aUbuntu 12.10 internet, red hat, autodesk maya 2013, visual s
260 _aInfomedia18
999 _c139819
_d139819